[Event "Bahn-chG"]
[Site "Baiersbronn"]
[Date "1998.10.25"]
[Round "1"]
[White "Kelm, Ulf"]
[Black "Wolf, Manfred"]
[Result "0-1"]
[WhiteElo "1075"]
[BlackElo "1743"]
[PlyCount "98"]
[EventDate "1998.10.25"]
[EventType "swiss"]
[EventRounds "7"]
[EventCountry "GER"]
[SourceTitle "EXT 2001"]
[Source "ChessBase"]
[SourceDate "2000.11.22"]
[SourceVersion "1"]
[SourceVersionDate "2000.11.22"]
[SourceQuality "1"]

1. c4 Nf6 2. Nc3 e6 3. e4 d6 4. Nf3 Nbd7 5. d3 Be7 6. h3 0-0 7. Be2 c6 8. 0-0 Qc7 9. Bg5 b6 10. Qd2 Bb7 11. a3 Rfd8 12. Rad1 Rac8 13. Ne1 h6 14. Bf4 e5 15. Bg3 Nf8 16. f4 Ne6 17. fxe5 dxe5 18. b4 c5 19. b5 Bd6 20. Qe3 Nd4 21. Rxf6 gxf6 22. Qxh6 Bf8 23. Qh4 Qe7 24. Bg4 Ra8 25. Bf5 Nxf5 26. exf5 Rd4 27. Qh5 Rad8 28. Nd5 Bxd5 29. cxd5 R4xd5 30. Qg4+ Bg7 31. h4 Rd4 32. Qe2 c4 33. h5 Qf8 34. Bf2 cxd3 35. Nxd3 R4d6 36. Nb2 Rxd1+ 37. Nxd1 Bh6 38. Qg4+ Kh7 39. Qa4 Rd7 40. Nc3 Qc8 41. Ne2 Qd8 42. Qc4 Rd1+ 43. Kh2 Qd7 44. Ng3 Rd2 45. Ne4 Kg7 46. Bh4 Bf4+ 47. Bg3 Rd4 48. Qc6 Qxc6 49. bxc6 Rxe4 0-1